| 000 | 00636 a2200169 4500 | ||
|---|---|---|---|
| 999 |
_c4856 _d4856 |
||
| 010 | _aENG-86632 | ||
| 020 | _c140.00 | ||
| 035 | _aEN-70165 | ||
| 037 | _bDBAD / PUB | ||
| 082 | 1 | 4 | _a657.48 |
| 245 | 1 |
_aFinancial accounting-I : _cby H. R. Appannaiah..[et.al] _bas per syllabus for first year B. Com-first semester of Manglore university / |
|
| 260 |
_aMumbai _bHimalaya Publishing House _c2006 |
||
| 270 |
_a" Pooja Apartment" Dr. Bhalerai Marg, Girgaon _bMumbai _e400 004 _k022- 23860170 _mhimpub@vsnl.com _l022-23877178 |
||
| 300 |
_a404 p _c22 cm (Pbk) |
||
| 700 | 1 | _aNayak, Nagraj | |
| 942 |
_adpl _cEN _2ddc _h657.48 _mFIN |
||